00432 2200157 4500245003900000020002200039250001000061100001600071005001900087260003000106041001400136084001100150500008400161490002000245336000900265 aKISAH PARA NABIcIBNU KATSIRhText a978-979-592-557-6 aCet.1 aIBNU KATSIR a20240826121655 aJakartabDARUSSALAMc2011 aIndonesia a297.34 aDaftar isi : mukaddimah, kisah bapak umat manusia( nabi adam ),kisah nabi idris aKISAH PARA NABI atext